000 00565nam a2200169Ia 4500
003 OSt
005 20200702144232.0
008 190216s9999||||xx |||||||||||||| ||und||
040 _coclc
082 _a947.0841
_bCAR/H
100 _aCarr, Edward Hallett
_92645
245 0 _aHistory Of Soviet Russia :
_bThe Bolshevik Revolution 1917-1923 /
_cEdward Hallett Carr
260 _bPenguin Books,
_c1953.
_aEngland:
300 _a596p
650 _aHistory Of South East-History Of South East
942 _cBK
_2ddc
_h947.0841
_iCAR/H
_k947.0841
_mCAR/H
999 _c19577
_d19577